"Emeletes Torta" – Egy rendezvényszervező vállalkozás piaci létjogosultságának és pozicionálásának vizsgálata, valamint marketing stratégiája

Bibliographic Details
Main Author: Némethné Nobilis Fanni
Other Authors: Karakasné Morvay Dr Klára
Format: Thesis
Kulcsszavak:Rendezvényszervezés
Születésnap
Marketingstartégia
vállalkozásindítás
emeletes torta
gyerekprogram
Online Access:http://dolgozattar.uni-bge.hu/15047

MARC

LEADER 00000nta a2200000 i 4500
001 dolg15047
005 20180830151102.0
008 180504suuuu hu om 000 hun d
040 |a BGE Dolgozattár Repozitórium  |b hun 
041 |a hu 
100 1 |a Némethné Nobilis Fanni 
245 1 0 |a "Emeletes Torta" – Egy rendezvényszervező vállalkozás piaci létjogosultságának és pozicionálásának vizsgálata, valamint marketing stratégiája  |c Némethné Nobilis Fanni  |h [elektronikus dokumentum] 
695 |a Rendezvényszervezés 
695 |a Születésnap 
695 |a Marketingstartégia 
695 |a vállalkozásindítás 
695 |a emeletes torta 
695 |a gyerekprogram 
700 1 |a Karakasné Morvay Dr Klára  |e ths 
856 4 0 |u http://dolgozattar.uni-bge.hu/15047/1/Szakdolgozat.pdf  |z Dokumentum-elérés